000 00313nam a22001337a 4500
008 181101b xxu||||| |||| 00| 0 eng d
020 _a9780130304551
041 _aeng
080 _a610.73
100 _a2
101 _aINF
245 _aNursing Fundamentals Reviews & Rationales
_cHogan,M.A
942 _2udc
_cBK
999 _c51417
_d51417